00269nam a2200109Ia 4500008004100000100001700041245002300058250000800081260004400089300000800133650001800141191201s2006 xx 000 0 und d aNARAYAN, R K 2aA Tiger of Malgudi a9th aN.DelhibIndian Thought Publisionc2006 a176 aGeneral Books